MARC

LEADER 00000nam0a2200000 4500
001 105612
005 20231031114458.0
035 |a (RuTPU)RU\TPU\book\113961 
090 |a 105612 
100 |a 20061120d1986 m y0rusy50 ca 
101 0 |a rus 
102 |a RU 
105 |a a z 001zy 
200 1 |a Корма и кормление пчел  |f Г. Ф. Таранов 
205 |a 2-е изд., перераб. и доп. 
210 |a Москва  |c Россельхозиздат  |d 1986 
215 |a 160 с.  |c ил. 
320 |a Библиогр.: с. 158-159. 
610 1 |a сельское хозяйство 
610 1 |a сельскохозяйственная деятельность 
610 1 |a сельскохозяйственная продукция 
610 1 |a пчелы 
610 1 |a пчеловодство 
610 1 |a корма 
610 1 |a кормление 
675 |a 63  |v 3 
700 1 |a Таранов  |b Г. Ф.  |g Георгий Филиппович 
801 1 |a RU  |b 63413507  |c 20061120  |g PSBO 
801 2 |a RU  |b 63413507  |c 20070712  |g PSBO 
942 |c BK